|
|
|
|
| LEADER |
00000nab a2200000uu 4500 |
| 001 |
vtls011442285 |
| 003 |
SK-MaSNL |
| 005 |
20260303182309.0 |
| 008 |
230213|1971 xo |||||||||||||||||slo| |
| 015 |
|
|
|a SNBRB
|
| 035 |
|
|
|a (urnnbn)urn:nbn:sk:snk:ar-0031zw
|
| 035 |
|
|
|a (uuid)cf1bf384-8fdf-490b-b438-8dee900bc618
|
| 035 |
|
|
|a urn:nbn:sk:snk-abcgc4
|
| 040 |
|
|
|a SNKBUCL
|b slo
|c SNKBUCL
|e AACR2
|
| 041 |
0 |
|
|a slo
|
| 044 |
|
|
|a xo
|c SK
|
| 100 |
1 |
|
|a Kaplanová-Neischlová, Eva,
|d 1929-
|4 aut
|9 38061
|
| 245 |
1 |
0 |
|a GENISTA HUNGARICA KERN. NA KOVÁČOVSKÝCH KOPCOCH
|c Eva Neischlová, Jaroslav Kaplan
|
| 700 |
1 |
|
|a Kaplan, Jaroslav,
|d 1921-1977
|4 aut
|9 226914
|
| 773 |
0 |
|
|t Biológia : časopis Slovenskej akadémie vied
|g Roč. 26, č. 4 (1971), s. 367-368
|
| 954 |
|
|
|a odborná, vedecká literatúra pôvodná (slovenská)
|2 lita
|
| 958 |
|
|
|a OND
|
| 958 |
|
|
|a EUIPO
|
| 958 |
|
|
|a article16
|
| 999 |
|
|
|c 2116404
|d 2118334
|